000 00572nam a2200169Ia 4500
005 20250923144715.0
008 008 250917s9999 xx 000 0 eng d
037 _aTextual
040 _aDSWL
_beng
_cDSWL
041 _aeng
_2eng
084 _aY31:7:7:g.2'N5, N60
_qDSWL
245 0 _aOn community development & some allied fields
_cby Seventh Evaluation Report
260 _aIndia
_b. Govt. of India, Progress Evaluation Organization Planning Commission
_c1960
300 _a171p.
942 _cTEXL
_hY31:7:7:g.2'N5, N60
999 _c1442312
_d1442312